Phương trình và bất phương trình vô tỉ

Phương pháp biến đổi tương đương. Phương pháp đặt ẩn phụ. Phương pháp đánh giá. Phương pháp hàm số. Phương pháp đồ thị.

Saved in:
Bibliographic Details
Main Author: Hà Thị Mai Hoa
Other Authors: Phan Thị Quản (Hướng dẫn)
Format: Book
Published: Đà Nẵng Đại học Sư phạm, Đại học Đà Nẵng 2012
Subjects:
Tags: Add Tag
No Tags, Be the first to tag this record!
Institutions: Mạng thư viện Đại học Đà Nẵng
LEADER 01653nam a2200337 4500
001 000017438
003 13856
005 20130416160403.0
008 130416s2012 sd
082 |a 515.25  |b HA-H 
100 1 |a Hà Thị Mai Hoa 
245 |a Phương trình và bất phương trình vô tỉ  |c Hà Thị Mai Hoa ; Phan Thị Quản hướng dẫn  |k Khóa luận tốt nghiệp 
260 |a Đà Nẵng  |b Đại học Sư phạm, Đại học Đà Nẵng  |c 2012 
300 |a 77 tr.  |c 29 cm.  |e Đĩa CD, bản tóm tắt 
500 |a Khóa luận tốt nghiệp đại học. Chuyên ngành: Sư phạm Toán 
504 |a Mục lục đầu trang, tài liệu tham khảo tr. 73 - 74, phụ lục [13 tr.] 
520 |a Phương pháp biến đổi tương đương. Phương pháp đặt ẩn phụ. Phương pháp đánh giá. Phương pháp hàm số. Phương pháp đồ thị. 
600 1 4 |b Vua  |c Đinh Tiên Hoàng 
650 0 4 |a Phương trình và bất phương trình vô tỉ  |v Khóa luận tốt nghiệp  |x Nghiên cứu 
653 |a Phương trình và bất phương trình vô tỉ  |a Khoa Toán 
700 |a Phan Thị Quản  |e Hướng dẫn 
OWN |a LSP 
AVA |a UDN50  |b LSP  |d 515.25 HA-H  |e available  |t Error 5001 Not defined in file expand_doc_bib_avail.  |f 1  |g 0  |h N  |i 0  |k 1 
999 |a From the UDN01 
AVA |a UDN50  |b LSP  |d 515.25 HA-H  |e available  |t Error 5001 Not defined in file expand_doc_bib_avail.  |f 1  |g 0  |h N  |i 0  |k 1 
TYP |a Monograph 
TYP |a Printed language 
980 |a Mạng thư viện Đại học Đà Nẵng